000 00739cam a22002291 4500
001 f 28000003
003 DLC
005 20260227111249.0
008 751120s1927 xx s000 0 eng c
010 _af 28000003
035 _a(OCoLC)1844531
040 _aLibrary, U.S. Bur. of Fisheries
_cPLhS
_dDLC
042 _apremarc
050 0 0 _aSH11
_b.P43 no. 4
100 1 _aBuller, Charles Ross,
_d1894-
245 0 2 _aA treatise on the fish of Pennsylvania,
_cby C. R. Buller.
260 _aHarrisburg, Pa.,
_c1927.
300 _a50 p.
_bfront., illus.
_c23 cm.
490 0 _aPennsylvania. Board of fish commissioners. Bulletin
_vno. 4
500 _aAt head of title: Commonwealth of Pennsylvania.
650 0 _aFishes
_zPennsylvania.
999 _c23284
_d23284